| 000 | 00390nam a22001697a 4500 | ||
|---|---|---|---|
| 003 | NUST - PNEC | ||
| 005 | 20170116180903.0 | ||
| 008 | 150901b xxu||||| |||| 00| 0 eng d | ||
| 020 | _a- | ||
| 040 | _cLIBRARY | ||
| 082 | _a530.81 RAM | ||
| 100 |
_96451 _aRamsay,D. C. |
||
| 245 |
_aMetrication _cD. C. Ramsay. |
||
| 260 | _cc1969 | ||
| 650 |
_96454 _aMetrication _xME |
||
| 942 |
_2ddc _cBK |
||
| 999 |
_c65003 _d65003 |
||